000 01290nam a2200313 i 4500
003 EG-GICUC
005 20260512001323.0
008 260512s2009 ua ||||frv||| 00| 0 ara d
040 _a EG-GICUC
_bara
_c EG-GICUC
_d EG-GICUC
_erda
041 0 _aara
082 0 4 _221
_a345.6415
_bم ص . ب
092 0 4 _221
099 _aLaw1 07 345.6415 م ص . ب 2009
100 0 _aمصطفى جديدن
245 1 0 _aبحث دبلوم بعنوان إشكالات التنفيذ في المنازعات الإدارية في القانون الجزائري /
_cمن إعداد الطالب: مصطفى جديدن مقدم إلى الأستاذ الدكتور المحترم أسامة المليجي.
264 1 _aالقاهرة :
_b[اسم الناشر غير محدد],
_c2009.
300 _a62 صفحة :
_c28 سم.
336 _2rda content
_atext
337 _2rda media
_aComputer
338 _2rda carrier
_aOnline Resource
504 _aيشتمل علي ارجاعات ببليوجرافية
546 _aالنص باللغة العربية
650 1 _aالقانون الاداري
_2qrmak
651 1 _2qrmak
700 _a أسامة المليجي
_eمشرف.
856 4 0 _uhttps://fll.law.cu.edu.eg/fulltext/bks/B07-03711.pdf
905 _a47
942 _2ddc
_n0
_cBK
_e21
999 _c76643
_d76643